000 01180nam a2200289 a 4500
001 ebr10468975
003 CaPaEBR
006 m u
007 cr cn|||||||||
008 110527r20112006enka sb 001 0 eng d
020 _z9781906884789
040 _aCaPaEBR
_cCaPaEBR
035 _a(OCoLC)732958010
050 1 4 _aRD686
_b.U55 2011eb
245 0 0 _aUnicompartmental arthroplasty with the Oxford knee
_h[electronic resource] /
_cJohn Goodfellow ... [et al.].
260 _aOxford [U.K.] :
_bGoodfellow Publishers, Ltd.,
_c2011.
300 _avi, 194 p. :
_bill. (some col.)
500 _aFirst published by Oxford University Press, 2006.
504 _aIncludes bibliographical references and index.
533 _aElectronic reproduction.
_bPalo Alto, Calif. :
_cebrary,
_d2011.
_nAvailable via World Wide Web.
_nAccess may be limited to ebrary affiliated libraries.
650 0 _aArthroplasty.
650 0 _aArtificial knee.
655 7 _aElectronic books.
_2local
700 1 _aGoodfellow, John.
710 2 _aebrary, Inc.
856 4 0 _uhttp://site.ebrary.com/lib/rucke/Doc?id=10468975
_zAn electronic book accessible through the World Wide Web; click to view
999 _c242016
_d242016